<?xml version="1.0" encoding="UTF-8"?><?xml-stylesheet type="text/xsl" href="static/style.xsl"?><OAI-PMH xmlns="http://www.openarchives.org/OAI/2.0/" xmlns:xsi="http://www.w3.org/2001/XMLSchema-instance" xsi:schemaLocation="http://www.openarchives.org/OAI/2.0/ http://www.openarchives.org/OAI/2.0/OAI-PMH.xsd"><responseDate>2026-04-17T07:52:30Z</responseDate><request verb="GetRecord" identifier="oai:www.recercat.cat:2445/167889" metadataPrefix="marc">https://recercat.cat/oai/request</request><GetRecord><record><header><identifier>oai:recercat.cat:2445/167889</identifier><datestamp>2025-12-05T05:31:50Z</datestamp><setSpec>com_2072_1057</setSpec><setSpec>col_2072_478857</setSpec><setSpec>col_2072_478917</setSpec></header><metadata><record xmlns="http://www.loc.gov/MARC21/slim" xmlns:dcterms="http://purl.org/dc/terms/" xmlns:xsi="http://www.w3.org/2001/XMLSchema-instance" xmlns:doc="http://www.lyncode.com/xoai" xsi:schemaLocation="http://www.loc.gov/MARC21/slim http://www.loc.gov/standards/marcxml/schema/MARC21slim.xsd">
   <leader>00925njm 22002777a 4500</leader>
   <datafield ind2=" " ind1=" " tag="042">
      <subfield code="a">dc</subfield>
   </datafield>
   <datafield ind2=" " ind1=" " tag="720">
      <subfield code="a">Roca Roumens, Mercedes, 1947-2014</subfield>
      <subfield code="e">author</subfield>
   </datafield>
   <datafield ind2=" " ind1=" " tag="260">
      <subfield code="c">2020-07-07T07:48:28Z</subfield>
   </datafield>
   <datafield ind2=" " ind1=" " tag="260">
      <subfield code="c">2020-07-07T07:48:28Z</subfield>
   </datafield>
   <datafield ind2=" " ind1=" " tag="260">
      <subfield code="c">1983</subfield>
   </datafield>
   <datafield ind2=" " ind1=" " tag="260">
      <subfield code="c">2020-07-07T07:48:28Z</subfield>
   </datafield>
   <datafield ind2=" " ind1=" " tag="520">
      <subfield code="a">Quan a l'estiu del 1981 se'ns va proposar de portar a cap nous treballs d'excavació en el teatre romà de Tarragona, el primer requisit, indispensable, era el de comptar amb el suport d'un equip preparat i eficient, ateses les especials característiques del jaciment de les quals tot seguit parlarem. Tot i el poc temps amb que es comptava per a posar en marxa la campanya, el miniequip, ampliat a l'any següent, va poder ser una realitat i ha funcionat i funciona. En aquest sentit, doncs, parlo en nom de tots: Ricardo Mar, codirector dels treballs, indispensable per a comprendre molts deis problemes que planteja aquest tipus de jaciment, així com Rosa Melià, Anna Pàmies, Manel Julia, Joaquim Ruiz de Arbulo i Manuel Carrilero, que han acceptat la responsabilitat de l'excavació i l'estudi de les estratigrafies obtingudes en els diferents sectors. En les dues campanyes hem comptat també amb la col·laboració d'estudiants de Tarragona, així com, sempre, amb el suport i l'ajuda incondicional i efec­tiva de Xavier Dupré, arqueòleg dels Serveis Territorials de la Genera­litat, i de Francesc Tarrats, director del Museu Nacional Arqueològic de Tarragona. Sense l'ajut de tots ells difícilment hauria estat possible portar endavant la tasca.</subfield>
   </datafield>
   <datafield tag="653" ind2=" " ind1=" ">
      <subfield code="a">Arquitectura romana</subfield>
   </datafield>
   <datafield tag="653" ind2=" " ind1=" ">
      <subfield code="a">Tarragona (Catalunya)</subfield>
   </datafield>
   <datafield tag="653" ind2=" " ind1=" ">
      <subfield code="a">Excavacions arqueològiques</subfield>
   </datafield>
   <datafield tag="653" ind2=" " ind1=" ">
      <subfield code="a">Roman architecture</subfield>
   </datafield>
   <datafield tag="653" ind2=" " ind1=" ">
      <subfield code="a">Tarragona (Catalonia)</subfield>
   </datafield>
   <datafield tag="653" ind2=" " ind1=" ">
      <subfield code="a">Archaeological excavations</subfield>
   </datafield>
   <datafield ind2="0" ind1="0" tag="245">
      <subfield code="a">Teatre romà de Tarragona: treballs arqueológics 1982-1983</subfield>
   </datafield>
</record></metadata></record></GetRecord></OAI-PMH>